Sacred Writings (Record no. 6931)

MARC details
000 -LEADER
fixed length control field 00625nam a2200241 a 4500
020 ## - INTERNATIONAL STANDARD BOOK NUMBER
ISBN
082 00 - DEWEY DECIMAL CLASSIFICATION NUMBER
Classification number 291.82
Author Cutter ELI
100 ## - MAIN ENTRY--AUTHOR NAME
Author name Eliot, Charles W
245 ## - TITLE STATEMENT
Title Sacred Writings
Sub title Christian, Budhist, Hindu, Mohammedan
260 ## - PUBLICATION, DISTRIBUTION, ETC. (IMPRINT)
Place of publication U S a
Name of publisher Grolier Enterprises Corp
Year of publication 1940
300 ## - PHYSICAL DESCRIPTION
Number of Pages 521p
500 ## - GENERAL NOTE
General note includes index and biblioraphy
505 2# - FORMATTED CONTENTS NOTE
Formatted contents note index
650 ## - SUBJECT ADDED ENTRY--TOPICAL TERM
Topical Term Comparative Religion-Scriptures
942 ## - ADDED ENTRY ELEMENTS (KOHA)
Koha item type Books
700 1# -
-- Eliot, Charles W
Holdings
Collection code Home library Current library Date acquired Cost, normal purchase price Full call number Accession Number Koha item type
  Henry Martyn Institute Library Henry Martyn Institute Library 07/20/2007 100.00 291.82 ELI 013709 Books
                   Copyright © 2026 | Henry Martyn Institute | Hyderabad | TS-500052 | INDIA | Implemented by hmi.edu.in
Hit-Count:

Powered by Koha